[Event "Mediterranean-ch U20 4th"]
[Site "Chania"]
[Date "2012.09.02"]
[Round "8"]
[White "Tzouganakis, Panteleimon"]
[Black "Kafetzis, Georgios"]
[Result "1-0"]
[WhiteElo "2170"]
[BlackElo "1993"]
[PlyCount "45"]
[EventDate "2012.08.28"]
[EventType "swiss"]
[EventRounds "9"]
[EventCountry "GRE"]
[SourceTitle "CBM 150 Extra"]
[Source "ChessBase"]
[SourceDate "2012.10.19"]
[SourceVersion "1"]
[SourceVersionDate "2012.10.19"]
[SourceQuality "1"]

1. e4 c5 2. Nf3 Nc6 3. Bb5 g5 4. Bxc6 dxc6 5. Nxg5 Nf6 6. d3 Rg8 7. Be3 h6 8. Nf3 Qa5+ 9. Qd2 Qb6 10. Qc3 Rxg2 11. Bxc5 Qc7 12. Nbd2 Bg7 13. Bd4 Be6 14. 0-0-0 Rd8 15. Rhg1 Rxg1 16. Rxg1 Kf8 17. Kb1 b5 18. Qc5 a5 19. Be5 Qd7 20. Nd4 Nh5 21. Bxg7+ Nxg7 22. Nxc6 Rc8 23. Qxe7+ 1-0